000 00440nam a22001697a 4500
999 _c6164
_d6164
003 GBCCL
005 20241126110557.0
008 180502b ||||| |||| 00| 0 eng d
040 _cgbc
082 _a813.54
_bFAR
100 _aFarley, Walter
_911077
245 _aThe Black Stallion /
_cWalter Farley
260 _aNew York:
_bWindward Book,
_c1968
300 _a241 p.;
_bill.,
_c21 cm.
650 _aBlack
_xFiction
_911078
942 _2ddc
_cBK